Multimedia and web technology (Record no. 4927)

MARC details
000 -LEADER
fixed length control field 00483nam a2200169Ia 4500
003 - CONTROL NUMBER IDENTIFIER
control field SGT
020 ## - INTERNATIONAL STANDARD BOOK NUMBER
International Standard Book Number 9798131800286
082 ## - DEWEY DECIMAL CLASSIFICATION NUMBER
Classification number 6.7
Item number BAN
100 ## - MAIN ENTRY--PERSONAL NAME
Personal name Bangia,Ramesh
245 ## - TITLE STATEMENT
Title Multimedia and web technology
250 ## - EDITION STATEMENT
Edition statement 2nd Ed.
260 ## - PUBLICATION, DISTRIBUTION, ETC. (IMPRINT)
Name of publisher, distributor, etc Laxmi Publications (P) Ltd
Place of publication, distribution, etc New Delhi
Year of Publication 2009
300 ## - PAGE DESCRIPTION
No. of Pages 878p.
650 ## - SUBJECT ADDED ENTRY--TOPICAL TERM
Topical term or geographic name as entry element COMPUTER SCIENCE
653 ## - KEYWORDS--INDEX TERM
Keyword term COMPUTER SYSTEM,SOFTWARE,MICROSOFT WINDOWS,WEB BROWSERS,INTRODUCTION TO HTML,MORE ON HTML,HTML TAGS
942 ## - ADDED ENTRY ELEMENTS (KOHA)
Source of classification or shelving scheme Dewey Decimal Classification
Koha item type Books
942 ## - ADDED ENTRY ELEMENTS (KOHA)
-- 3
Holdings
Withdrawn status Lost status Source of classification or shelving scheme Damaged status Not for loan Home library Current library Date acquired SGTU Total Checkouts Full call number Accession No. (Barcode) Date last seen Date last borrowed Bill Date Koha item type
    Dewey Decimal Classification     SGT Engineering Library SGT Engineering Library 28/04/2010 SGTU 2 6.7 BAN FE996 02/11/2022 17/10/2022 09/02/2015 Books
    Dewey Decimal Classification     SGT Engineering Library SGT Engineering Library 28/04/2010 SGTU 1 6.7 BAN FE997 21/10/2022 18/10/2022 09/02/2015 Books
    Dewey Decimal Classification     SGT Engineering Library SGT Engineering Library 28/04/2010 SGTU   6.7 BAN FE998 09/02/2015   09/02/2015 Books
    Dewey Decimal Classification     SGT Engineering Library SGT Engineering Library 28/04/2010 SGTU   6.7 BAN FE999 09/02/2015   09/02/2015 Books
    Dewey Decimal Classification     SGT Engineering Library SGT Engineering Library 28/04/2010 SGTU 2 6.7 BAN FE1022 07/11/2022 17/10/2022 09/02/2015 Books